Soil physics (Record no. 21029)

MARC details
000 -LEADER
fixed length control field 00333nam a2200145Ia 4500
082 ## - DEWEY DECIMAL CLASSIFICATION NUMBER
Classification number 631.43
Item number BAV
100 ## - MAIN ENTRY--AUTHOR NAME
Personal name BAVER, L D
245 #0 - TITLE STATEMENT
Title Soil physics
250 ## - EDITION STATEMENT
Edition statement Ed.3
260 ## - PUBLICATION, DISTRIBUTION, ETC. (IMPRINT)
Place of publication London
Name of publisher John Wiley
Year of publication 1956
650 ## - SUBJECT ADDED ENTRY--TOPICAL TERM
Topical Term Soil physics
650 ## - SUBJECT ADDED ENTRY--TOPICAL TERM
Topical Term Soil structure
942 ## - ADDED ENTRY ELEMENTS (KOHA)
Koha item type Books
Holdings
Withdrawn status Lost status Damaged status Not for loan Home library Current library Date acquired Full call number Accession Number Koha item type
        RRII Library RRII Library 16/12/2021 631.43 BAV 01751 Books